From the classicists to the impressionists (Record no. 7336)

MARC details
000 -LEADER
campo de control de longitud fija 00882nam a2200265 i 4500
001 - NÚMERO DE CONTROL
campo de control 7336
003 - IDENTIFICADOR DE NÚMERO DE CONTROL
campo de control ES-MaACL
005 - FECHA Y HORA DE LA ÚLTIMA TRANSACCIÓN
campo de control 20250812055100.0
007 - CAMPO FIJO DE DESCRIPCIÓN FÍSICA--INFORMACIÓN GENERAL
campo de control de longitud fija t|
008 - DATOS DE LONGITUD FIJA--INFORMACIÓN GENERAL
campo de control de longitud fija 901120s1986 xxu ||||1| eng d
020 ## - NÚMERO INTERNACIONAL ESTÁNDAR DEL LIBRO
Número Internacional Estándar del Libro 0-300-03358-3
080 ## - NÚMERO DE LA CLASIFICACIÓN DECIMAL UNIVERSAL
Número de la Clasificación Decimal Universal 7.035
080 ## - NÚMERO DE LA CLASIFICACIÓN DECIMAL UNIVERSAL
Número de la Clasificación Decimal Universal 7"18"
080 ## - NÚMERO DE LA CLASIFICACIÓN DECIMAL UNIVERSAL
Número de la Clasificación Decimal Universal 72"18"
245 00 - MENCIÓN DEL TÍTULO
Título From the classicists to the impressionists
Resto del título : art and architecture in the 19th Century /
Mención de responsabilidad, etc. selected and edited by Elizabeth Gilmore Holt.
260 ## - PUBLICACIÓN, DISTRIBUCIÓN, ETC.
Lugar de publicación, distribución, etc. New Haven ;
-- London :
Nombre del editor, distribuidor, etc. Yale University Press,
Fecha de publicación, distribución, etc. cop. 1986.
300 ## - DESCRIPCIÓN FÍSICA
Extensión XXI, 550 p., 64 p. de lam ;
Dimensiones 24 cm.
500 ## - NOTA GENERAL
Nota general Volume III of A documentary history of art.
500 ## - NOTA GENERAL
Nota general Indices.
650 10 - PUNTO DE ACCESO ADICIONAL DE MATERIA--TÉRMINO DE MATERIA
Término de materia o nombre geográfico como elemento de entrada Arte-
Subdivisión cronológica S.XIX
9 (RLIN) 233576
650 14 - PUNTO DE ACCESO ADICIONAL DE MATERIA--TÉRMINO DE MATERIA
Término de materia o nombre geográfico como elemento de entrada Arquitectura-
Subdivisión cronológica S.XIX.
9 (RLIN) 10005
700 1# - ENTRADA AGREGADA--NOMBRE PERSONAL
Nombre de persona Holt, Elizabeth Gilmore.
9 (RLIN) 64076
852 ## - LOCALIZACIÓN
Ubicación ES-MaACL
Número de control de estantería L-14456
Sublocalización o colección R.118579
Nota libre . - tela
Holdings
Estatus retirado Estado de pérdida Estado de daño No para préstamo Biblioteca de origen Biblioteca actual Ubicación en estantería Fecha de adquisición Fuente de adquisición Total de préstamos Signatura topográfica completa Código de barras Visto por última vez Precio de reemplazo Tipo de ítem Koha
        Biblioteca del Ateneo de Madrid Biblioteca del Ateneo de Madrid Depósito 2 17/01/2008     L-14456 1007482 23/02/2023 23/02/2023 Libro impreso